| 000 | 00774cab a22001935a 4500 | ||
|---|---|---|---|
| 001 | L147205 | ||
| 008 | 090415e20090402xxkdo f 000 0 eng d | ||
| 035 | _a(Sirsi) u147205 | ||
| 041 | 0 | _aeng | |
| 100 | 2 | _aSpackman, Juliet | |
| 245 | 0 | 0 | _aOutput slump puts pressure on input costs |
| 260 | _c2009 | ||
| 490 |
_aConstruction News _v(7111) 2 April 2009, 18-19 (2) |
||
| 520 | _aReports on construction costs for March 2009. Explains that contractors' input costs are 4.9% lower over the last three months. Material costs fell by 5.6%. Labour costs decreased by 3.7% on average. Provides costs of construction: mean materials and labour prices for March 2009. | ||
| 590 | _aKA | ||
| 651 | 4 |
_aUnited Kingdom _y |
|
| 690 | _aBUILT ENVIRONMENT-BUILDING COSTS | ||
| 942 | _n0 | ||
| 999 |
_c81431 _d81431 |
||